Popularne albumy rap/trap tygodnia 30.04-06.05 - Statystyki

Ogólne statystyki
  • Ten quiz został rozwiązany 9 razy
  • Średni wynik to 12 z 15
Statystyki odpowiedzi
Wykonawca Data wydania Album % Poprawnych
Mata 17 stycznia 2020 100 dni do matury
100%
Janusz Walczuk 30 kwietnia 2021 Janusz Walczuk
89%
Sobel 25 czerwca 2020 Kontrast
89%
Bedoes & Lanek 15 stycznia 2021 Rewolucja Romantyczna
89%
White 2115 31 sierpnia 2018 Rockstar
89%
Quebonafide 2 kwietnia 2020 Romantic Psycho
89%
Białas 5 sierpnia 2020 H8M5
78%
SB Maffija 8 czerwca 2020 Hotel Maffija
78%
Bedoes & Lanek 29 listopada 2019 Opowieści z Doliny Smoków
78%
Sobel 16 kwietnia 2021 Pułapka Na Motyle
78%
Żabson 1 lutego 2021 Ziomalski Mixtape
78%
Guzior 4 grudnia 2020 PLEŚŃ
67%
Kizo 23 października 2020 Posejdon
67%
White 2115 28 sierpnia 2020 Rockstar: Do Zachodu Słońca
67%
PRO8L3M 30 marca 2021 Fight Club
56%
Nie znaleziono quizów pasujących do podanych kryteriów
Rozkład punktacji
Procent ludzi z każdym wynikiem
Percentyl według liczby udzielonych odpowiedzi
Twoja historia wyników
Nie rozwiązałeś tego quizu